Bilecik Bilecik Bilecik Bilecik Bilecik

Servet-i fünun yazıları I: estetik (hikmet-i bedayi)/ (Record no. 74457)

MARC details
000 -BAŞLIK
Sabit Uzunluktaki Kontrol Alanı 01250nam a22003617a 4500
001 - KONTROL NUMARASI
Control Dosyası 0073703
003 - KONTROL NUMARASI KİMLİĞİ
Kontrol Alanı KOHA_MİRAKIL
005 - EN SON İŞLEM TARİHİ ve ZAMANI
Kontrol Alanı 20260207005149.0
007 - FİZİKSEL TANIM SABİT ALAN - GENEL BİLGİ
Sabit uzunluklu kontrol alanı ta
008 - SABİT UZUNLUKTAKİ VERİ ÖGELERİ - GENEL BİLGİ
Sabit Alan 250429s2021 tu |||gr||||#||||1|tur |
020 ## - ISBN - ULUSLARARASI STANDART KİTAP NUMARASI
Isbn 9786051553795
Nitelik bilgileri
040 ## - KATALOGLAMA KAYNAĞI
Özgün Kataloglama Kurumu TR-BiSEU
Kataloglama Dili tur
Çeviri Kurumu TR-BiSEU
Açıklama Kuralları rda
041 0# - DİL KODU
Metin ya da ses kaydının dil kodu tur
044 ## - YAYINLAYAN/ÜRETEN KURULUŞUN ÜLKE KODU
ISO country code tu
050 ## - SINIFLAMA ve YER NUMARASI
Sınıflama Numarası PL216.Y35
Yer Numarası S47 2021
100 1# - KİŞİ ADI
Yazar Adı (Kişi adı) Yalçın, Hüseyin Cahit.
245 1# - ESER ADI BİLDİRİMİ
Başlık Servet-i fünun yazıları I: estetik (hikmet-i bedayi)/
Sorumluluk Bildirimi Hüseyin Cahit Yalçın ; Hüseyin Cahit. Yalçın; hazırlayan İsmail Alper Kumsar.
264 #1 - ÜRERİM, YAYIN, DAĞITIM ve TELİF BİLDİRİMİ
Yayın yeri İstanbul :
Yayınlayan Ötüken Neşriyat,
Yayın tarihi 2021.
300 ## - FİZİKSEL TANIMLAMA
Sayfa, Cilt vb. 358 sayfa; 20 cm.
336 ## - İÇERİK TÜRÜ
Content type term metin
Content type code txt
Source rdacontent
337 ## - MEDYA TÜRÜ
Media type term aracısız
Media type code n
Source rdamedia
338 ## - TAŞIYICI TÜRÜ
Carrier type term cilt
Carrier type code nc
Source rdacarrier
490 1# - DİZİ BİLDİRİMİ
Dizi Bildirimi Ötüken Neşriyat Yayın nu ;
Cilt Numarası 1612.
490 1# - DİZİ BİLDİRİMİ
Dizi Bildirimi Kültür serisi ;
Cilt Numarası 917.
500 ## - GENEL NOT
Genel Not Dizin var.
650 #0 - KONU BAŞLIĞI EK GİRİŞ - KONU TERİMİ
Konusal terim veya coğrafi ad Türk edebiyatı--Tarih ve eleştiri.
9 (RLIN) 10702
650 #0 - KONU BAŞLIĞI EK GİRİŞ - KONU TERİMİ
Konusal terim veya coğrafi ad Turkish literature--History and criticism.
9 (RLIN) 9974
650 #0 - KONU BAŞLIĞI EK GİRİŞ - KONU TERİMİ
Konusal terim veya coğrafi ad Türk edebiyatı--İnceleme.
9 (RLIN) 75933
650 #0 - KONU BAŞLIĞI EK GİRİŞ - KONU TERİMİ
Konusal terim veya coğrafi ad Turkish literature--Surveys.
9 (RLIN) 126449
830 1# - SERİ EK GİRİŞİ - TEKBİÇİM ESER ADI
Tekbiçim Başlık Ötüken Neşriyat Yayın nu ;
Volume number/sequential designation 1612.
9 (RLIN) 148782
830 1# - SERİ EK GİRİŞİ - TEKBİÇİM ESER ADI
Tekbiçim Başlık Kültür serisi ;
Volume number/sequential designation 917.
9 (RLIN) 5523
942 ## - EK GİRİŞ ÖGELERİ (KOHA)
Source of classification or shelving scheme Library of Congress Classification
Koha item type Book
Holdings
Materyal Türü Kalıcı Konum Mevcut Konum Sınıflandırma Kaynağı Edinim Bilgisi Ana Konular Alt Konular Yer Numarası Cilt Bilgisi Demirbaş Numarası Fatura Tarihi Geri Çekilme Durumu Kayıp Durumu Hasarlı Durumu Kredi için değil Kayıt Tarih Toplam Ödünçverme Son Görülme Tarihi Son Kontrol Tarihi
Book BŞEÜ Osmaneli MYO Kütüphanesi BŞEÜ Osmaneli MYO Kütüphanesi Library of Congress Classification Bağış DİL VE EDEBİYAT Doğu Asya, Afrika, Okyanusya Dilleri ve Edebiyatları PL216.Y35 S47 2021 c.1 0073703 02/02/2026         29/04/2025   22/08/2025 22/08/2025